| 000 | 00765nam a22001817a 4500 | ||
|---|---|---|---|
| 999 |
_c59771 _d59771 |
||
| 003 | Ge_BSU | ||
| 005 | 20230412114932.0 | ||
| 008 | 230412s2011 ge ||||| |||| 00| 0 geo d | ||
| 020 | _a9789941038938 | ||
| 041 | _ageo | ||
| 080 | _a821.353.1-92 ჯ-14 | ||
| 100 |
_aჯაველიძე, ელიზბარ _917629 |
||
| 245 |
_aსაქართველოში უზნეობის სუფევს თარეში : _b[წერილები] / _cელიზბარ ჯაველიძე ; [რედ. ნინო ჯაველიძე]. |
||
| 264 |
_aთბილისი, _c2011. |
||
| 300 |
_a376გვ. ; _b20სმ. |
||
| 700 |
_aჯაველიძე, ნინო _eრედაქტორი _917630 |
||
| 942 |
_2udc _cBK |
||